| 000 | 00451nam a22001697a 4500 | ||
|---|---|---|---|
| 003 | OSt | ||
| 005 | 20211224103544.0 | ||
| 008 | 211224b |||||||| |||| 00| 0 eng d | ||
| 020 | _a0073660981 | ||
| 040 | _cHU | ||
| 082 | _a658 | ||
| 100 |
_aMANSUETTI LELAND _924897 |
||
| 245 | _aGOLDERN SNOWMOBILE INC COMUTERIZED BUSSENESS SIMULATION WINDOWES VERSION 3. SDIKS | ||
| 260 |
_aSAN FRANSISCO _bTORONTO _c1999 |
||
| 300 | _a73 | ||
| 942 |
_2ddc _cBOOKS _n0 |
||
| 999 |
_c23938 _d23938 |
||